The Germans /

Bibliographic Details
Main Author: Craig, Gordon Alexander, 1913-2005
Format: Book
Language:English
Published: New York : Putnam, [1982]
Subjects:

MARC

Tag First Indicator Second Indicator Subfields
LEADER 00000pam a2200000 a 4500
001 in00000084851
005 20151008054408.0
008 810522s1982 nyub b 00110 eng
010 |a  81008650  
020 |a 0399124365 :  |c $15.95 
035 |a (OCoLC)07572633 
035 |9 AAJ0532AM 
040 |a DLC  |c DLC  |d TXA  |d UtOrBLW 
043 |a e-gw--- 
049 |a TXAM  |c [1672445] 
050 0 0 |a DD259  |b .C7 1982 
100 1 |a Craig, Gordon Alexander,  |d 1913-2005. 
245 1 4 |a The Germans /  |c Gordon A. Craig. 
264 1 |a New York :  |b Putnam,  |c [1982] 
264 4 |c ©1982 
300 |a 350 pages :  |b maps ;  |c 24 cm. 
336 |a text  |b txt  |2 rdacontent 
337 |a unmediated  |b n  |2 rdamedia 
338 |a volume  |b nc  |2 rdacarrier 
500 |a Includes index. 
504 |a Bibliography: pages 333-342. 
536 |a Cushing Library Ragan Military copy donated in memory of Floyd W. Chapman, Jr. 
536 |a A gift from the estate of Dwayne Elliott May, class of '68, April 2002. 
651 0 |a Germany (West)  |x History. 
999 |a MARS 
999 f f |s a63b1c4a-9363-3612-9db1-d61958dc832a  |i c17bd536-2469-3dd7-9328-86776fb20899  |t 0 
952 f f |p ric  |a Texas A&M University  |b Rellis Campus  |c Joint Library Facility  |s JLF  |d Remote Storage  |t 0  |e DD259 .C7 1982  |h Library of Congress classification  |i unmediated -- volume  |m A14830758402 
952 f f |p noncirc  |a Texas A&M University  |b College Station  |c Cushing Memorial Library & Archives  |s cush mil  |d Cushing: Ragan Military (Does not check out)  |t 0  |e DD259 .C7 1982  |h Library of Congress classification  |i unmediated -- volume 
998 f f |a DD259 .C7 1982  |t 0  |l Remote Storage 
998 f f |a DD259 .C7 1982  |t 0  |l Cushing: Ragan Military (Does not check out)